Ecofriendliest Countries - Statistics

General Stats
  • This quiz has been taken 26 times
  • The average score is 18 of 20
Answer Stats
Index Score Country % Correct
76,5 Finland
100%
59,3 Norway
100%
72,7 Sweden
100%
66,5 Austria
96%
77,9 Denmark
96%
62,4 Germany
96%
77,7 United Kingdom
96%
60,1 Australia
91%
61,4 Estonia
91%
62,8 Iceland
91%
61,1 Latvia
91%
60,2 Croatia
87%
65,9 Switzerland
87%
59,9 Czechia
83%
62,6 Netherlands
83%
67,3 Slovenia
83%
72,3 Luxembourg
78%
60 Slovakia
78%
62,5 France
74%
75,2 Malta
65%
No matching quizzes found
Score Distribution
Percent of People with Each Score
Percentile by Number Answered
Your Score History
You have not taken this quiz